[Event "Mittelfranken Landesliga Nord 2122"]
[Site "Mittelfranken"]
[Date "2022.05.08"]
[Round "8.7"]
[White "Ter Akopyan, Bagrat"]
[Black "Seidenschwarz, Holger"]
[Result "1-0"]
[WhiteElo "2045"]
[BlackElo "1896"]
[PlyCount "87"]
[EventDate "2021.10.24"]
[EventType "team-tourn"]
[EventRounds "9"]
[EventCountry "GER"]
[SourceTitle "EXT 2024"]
[Source "ChessBase"]
[SourceDate "2023.10.10"]
[SourceVersion "1"]
[SourceVersionDate "2023.10.10"]
[SourceQuality "1"]
[WhiteTeam "Herzogenaurach"]
[BlackTeam "Kelheim"]
[WhiteTeamCountry "GER"]
[BlackTeamCountry "GER"]

1. e4 e5 2. Nf3 Nc6 3. d4 exd4 4. Nxd4 Nf6 5. Nxc6 bxc6 6. e5 Qe7 7. Qe2 Nd5 8. c4 Nb6 9. Qe4 Qe6 10. Bd3 d5 11. cxd5 cxd5 12. Qe2 Be7 13. 0-0 0-0 14. f4 f6 15. Qc2 fxe5 16. Bxh7+ Kh8 17. Nc3 e4 18. Nxe4 dxe4 19. Bxe4 Rb8 20. Bd2 Qd6 21. Rac1 c5 22. f5 Bb7 23. Bxb7 Rxb7 24. Rce1 Bf6 25. Kh1 Re7 26. Qc1 Rfe8 27. Rd1 Re2 28. Ba5 Qc6 29. Rf3 Rxg2 30. Qf4 Rf2 31. Rdd3 Ree2 32. Kg1 Rxf3 33. Rxf3 Kg8 34. Bxb6 Rxb2 35. Qc4+ Kf8 36. Bxc5+ Ke8 37. Re3+ Kd7 38. Rd3+ Kc8 39. Qg8+ Kb7 40. Qf7+ Kc8 41. Qg8+ Kb7 42. Rb3+ Kc7 43. Qb8+ Kd7 44. Rd3+ 1-0

[Event "Landesliga Nord 1819"]
[Site "Bayern"]
[Date "2019.02.24"]
[Round "7.6"]
[White "Vogt, Thomas"]
[Black "Seidenschwarz, Holger"]
[Result "1/2-1/2"]
[WhiteElo "1912"]
[BlackElo "1958"]
[PlyCount "152"]
[EventDate "2018.10.21"]
[EventType "team-tourn"]
[EventRounds "9"]
[EventCountry "GER"]
[SourceTitle "EXT 2022"]
[Source "ChessBase"]
[SourceDate "2021.10.06"]
[SourceVersion "1"]
[SourceVersionDate "2021.10.06"]
[SourceQuality "1"]
[WhiteTeam "Wuerzburg"]
[BlackTeam "Kelheim SK"]
[WhiteTeamCountry "GER"]
[BlackTeamCountry "GER"]

1. d4 d5 2. Nf3 Nf6 3. e3 e6 4. Bd3 c5 5. b3 cxd4 6. exd4 Nc6 7. 0-0 Be7 8. Nbd2 0-0 9. Bb2 Bd7 10. Ne5 Qc7 11. a3 a5 12. f4 a4 13. b4 Rfd8 14. Qe2 Qb6 15. Ndf3 Na7 16. Nxd7 Rxd7 17. Ne5 Rdd8 18. Rae1 Bf8 19. Kh1 g6 20. g4 Nc6 21. f5 Nxe5 22. dxe5 Ne4 23. c4 Bg7 24. cxd5 exd5 25. e6 fxe6 26. Bxg7 Kxg7 27. Bxe4 dxe4 28. fxg6 hxg6 29. Qxe4 Qc6 30. Qxc6 bxc6 31. Rf3 Re8 32. Re5 Rad8 33. Ra5 Ra8 34. Rc5 Rac8 35. Kg2 Red8 36. Rfc3 Rd2+ 37. Kg3 Rf8 38. Rxc6 Rff2 39. Rc7+ Kf6 40. g5+ Kxg5 41. h4+ Kf6 42. R7c6 Rg2+ 43. Kf3 Rh2 44. Kg3 Rdg2+ 45. Kf3 Rb2 46. Kg3 Rhg2+ 47. Kf3 Rgf2+ 48. Kg3 Rfe2 49. Kf4 Re1 50. Rf3 Rb3 51. Kg4+ Rxf3 52. Kxf3 Rb1 53. Rc3 Rb3 54. Re3 Kf5 55. Ke2 Rb2+ 56. Kd3 Rh2 57. b5 Rxh4 58. b6 Rh7 59. Kd4 Rd7+ 60. Kc5 e5 61. Kc6 Rd1 62. Rc3 Rb1 63. Rc4 g5 64. Rb4 Rxb4 65. axb4 a3 66. b7 a2 67. b8Q a1Q 68. Qc8+ Kf4 69. Qf8+ Kg4 70. b5 Qc3+ 71. Qc5 Qxc5+ 72. Kxc5 e4 73. b6 e3 74. b7 e2 75. b8Q e1Q 76. Qc8+ Kf4 1/2-1/2

[Event "Landesliga Nord 1819"]
[Site "Bayern"]
[Date "2018.11.11"]
[Round "2.7"]
[White "Seidenschwarz, Holger"]
[Black "Heinkelmann, Josef"]
[Result "1-0"]
[WhiteElo "1958"]
[BlackElo "1858"]
[PlyCount "55"]
[EventDate "2018.10.21"]
[EventType "team-tourn"]
[EventRounds "9"]
[EventCountry "GER"]
[SourceTitle "EXT 2022"]
[Source "ChessBase"]
[SourceDate "2021.10.06"]
[SourceVersion "1"]
[SourceVersionDate "2021.10.06"]
[SourceQuality "1"]
[WhiteTeam "Kelheim SK"]
[BlackTeam "Forchheim SC"]
[WhiteTeamCountry "GER"]
[BlackTeamCountry "GER"]

1. e4 c5 2. c3 d5 3. exd5 Qxd5 4. d4 Nf6 5. Nf3 Bg4 6. Be2 Nc6 7. h3 Bh5 8. c4 Qd6 9. d5 Bxf3 10. Bxf3 Nd4 11. 0-0 g6 12. Nc3 Bg7 13. Be3 Nxf3+ 14. Qxf3 a6 15. Bf4 Qd8 16. Rad1 0-0 17. Rfe1 Re8 18. g4 Qb6 19. Re2 Qb4 20. Rde1 h6 21. Rxe7 g5 22. Rxe8+ Rxe8 23. Rxe8+ Nxe8 24. Qe2 gxf4 25. Qxe8+ Bf8 26. d6 Qxb2 27. d7 f3 28. Nd1 1-0

[Event "Landesliga Nord 1718"]
[Site "Bayern"]
[Date "2018.04.15"]
[Round "9.6"]
[White "Rein, Iwan"]
[Black "Seidenschwarz, Holger"]
[Result "1/2-1/2"]
[WhiteElo "1988"]
[BlackElo "1954"]
[PlyCount "37"]
[EventDate "2017.10.22"]
[EventType "team-tourn"]
[EventRounds "9"]
[EventCountry "GER"]
[SourceTitle "EXT 2022"]
[Source "ChessBase"]
[SourceDate "2021.10.06"]
[SourceVersion "1"]
[SourceVersionDate "2021.10.06"]
[SourceQuality "1"]
[WhiteTeam "Bindlach Aktionaer II"]
[BlackTeam "Kelheim SK"]
[WhiteTeamCountry "GER"]
[BlackTeamCountry "GER"]

1. d4 d5 2. c4 e6 3. Nc3 Be7 4. Nf3 Nf6 5. Bf4 0-0 6. e3 Nbd7 7. Bd3 dxc4 8. Bxc4 c5 9. 0-0 cxd4 10. exd4 Nb6 11. Bb3 Nbd5 12. Be5 b6 13. Rc1 Nxc3 14. Rxc3 Bd6 15. Qe2 Bb7 16. Rfc1 Nd5 17. R3c2 Qe7 18. a3 Rfd8 19. h3 1/2-1/2

[Event "Landesliga Nord 1617"]
[Site "Bayern"]
[Date "2016.10.16"]
[Round "1.7"]
[White "Seidenschwarz, Holger"]
[Black "Hoffmann, Sebastian2222"]
[Result "1-0"]
[WhiteElo "1942"]
[BlackElo "1860"]
[PlyCount "65"]
[EventDate "2016.10.16"]
[EventType "team-tourn"]
[EventRounds "9"]
[EventCountry "GER"]
[SourceTitle "EXT 2019"]
[Source "ChessBase"]
[SourceDate "2018.10.10"]
[SourceVersion "1"]
[SourceVersionDate "2018.10.10"]
[SourceQuality "1"]
[WhiteTeam "Kelheim"]
[BlackTeam "Nuernberg NT II"]
[WhiteTeamCountry "GER"]
[BlackTeamCountry "GER"]

1. e4 e5 2. Nf3 Nc6 3. Bb5 a6 4. Bxc6 dxc6 5. 0-0 Bg4 6. h3 h5 7. d3 Qf6 8. Nbd2 Ne7 9. Re1 Ng6 10. d4 Nf4 11. hxg4 hxg4 12. g3 gxf3 13. Qxf3 Ne6 14. Qxf6 gxf6 15. dxe5 fxe5 16. Nf3 Bd6 17. Be3 Ke7 18. Kg2 Rag8 19. Rh1 Nf4+ 20. Bxf4 Rxh1 21. Bg5+ Rxg5 22. Rxh1 Rg8 23. Rh5 Ke6 24. Nh4 Rd8 25. Rh6+ f6 26. Nf3 Be7 27. Rh1 c5 28. b3 Rd6 29. g4 c4 30. g5 cxb3 31. axb3 Rc6 32. g6 Rxc2 33. Rh8 1-0

[Event "Oberliga Bayern 1516"]
[Site "Bayern"]
[Date "2015.10.25"]
[Round "2.8"]
[White "Seidenschwarz, Holger"]
[Black "Heumann, Joern"]
[Result "1-0"]
[WhiteElo "1957"]
[BlackElo "2063"]
[PlyCount "95"]
[EventDate "2015.10.11"]
[EventType "team-tourn"]
[EventRounds "9"]
[EventCountry "GER"]
[SourceTitle "EXT 2018"]
[Source "ChessBase"]
[SourceDate "2017.10.13"]
[SourceVersion "1"]
[SourceVersionDate "2017.10.13"]
[SourceQuality "1"]
[WhiteTeam "Kelheim"]
[BlackTeam "Kareth Lappersdorf"]
[WhiteTeamCountry "GER"]
[BlackTeamCountry "GER"]

1. e4 Nf6 2. e5 Nd5 3. d4 d6 4. Nf3 dxe5 5. Nxe5 c6 6. Be2 Bf5 7. c3 Nd7 8. Nf3 e6 9. 0-0 Be7 10. Be3 Qc7 11. Nbd2 0-0 12. Qb3 Rfe8 13. Rfe1 Rad8 14. Bc4 N7b6 15. Bf1 Nxe3 16. fxe3 c5 17. Ne5 Bd6 18. Ndf3 Be4 19. h3 f6 20. Ng4 Bg3 21. Nf2 Bxf3 22. gxf3 Bh2+ 23. Kh1 Qg3 24. Bg2 Qxf2 25. Kxh2 Rd5 26. f4 cxd4 27. cxd4 Rd6 28. Rac1 Nd5 29. Qb5 Red8 30. Re2 Qh4 31. Bxd5 Rxd5 32. Qxb7 Rxd4 33. Rc8 Rd1 34. Rxd8+ Rxd8 35. Qxa7 f5 36. Rg2 Qf6 37. b4 h6 38. b5 Rd1 39. Qb8+ Kh7 40. Qe5 Qe7 41. a4 Rd5 42. Qb2 e5 43. b6 exf4 44. b7 f3 45. Qxg7+ Qxg7 46. Rxg7+ Kxg7 47. b8Q Rd2+ 48. Kg1 1-0

[Event "Landesliga Nord 1415"]
[Site "Bayern"]
[Date "2015.03.15"]
[Round "8.7"]
[White "Seidenschwarz, Holger"]
[Black "Krauseneck, Peter"]
[Result "1/2-1/2"]
[WhiteElo "1957"]
[BlackElo "2144"]
[PlyCount "35"]
[EventDate "2014.10.19"]
[EventType "team-tourn"]
[EventRounds "9"]
[EventCountry "GER"]
[SourceTitle "EXT 2018"]
[Source "ChessBase"]
[SourceDate "2017.10.13"]
[SourceVersion "1"]
[SourceVersionDate "2017.10.13"]
[SourceQuality "1"]
[WhiteTeam "Kelheim"]
[BlackTeam "Bamberg SC"]
[WhiteTeamCountry "GER"]
[BlackTeamCountry "GER"]

1. e4 e6 2. d4 d5 3. Nc3 Bb4 4. e5 c5 5. a3 Bxc3+ 6. bxc3 Bd7 7. Qg4 Kf8 8. Bd3 Qa5 9. Bd2 c4 10. Bf1 Ba4 11. Qd1 Nc6 12. g3 f6 13. f4 f5 14. Nf3 Nh6 15. Ng5 Re8 16. h3 Nf7 17. Be2 h6 18. Nf3 1/2-1/2

[Event "Landesliga Nord 1415"]
[Site "Bayern"]
[Date "2014.10.19"]
[Round "1.7"]
[White "Seidenschwarz, Holger"]
[Black "Rein, Iwan"]
[Result "1-0"]
[WhiteElo "1957"]
[BlackElo "2078"]
[PlyCount "107"]
[EventDate "2014.10.19"]
[EventType "team-tourn"]
[EventRounds "9"]
[EventCountry "GER"]
[SourceTitle "EXT 2018"]
[Source "ChessBase"]
[SourceDate "2017.10.13"]
[SourceVersion "1"]
[SourceVersionDate "2017.10.13"]
[SourceQuality "1"]
[WhiteTeam "Kelheim"]
[BlackTeam "Bindlach Aktionaer II"]
[WhiteTeamCountry "GER"]
[BlackTeamCountry "GER"]

1. e4 e6 2. d4 d5 3. Nc3 Nf6 4. e5 Nfd7 5. f4 c5 6. Nf3 Nc6 7. Be3 Qb6 8. Na4 Qa5+ 9. c3 c4 10. b4 Nxb4 11. cxb4 Bxb4+ 12. Kf2 b5 13. Nb2 Bc3 14. Qc2 Nb6 15. Rb1 Bd7 16. Be2 b4 17. Nd1 Ba4 18. Qc1 Bxd1 19. Qxd1 Qxa2 20. g4 b3 21. f5 Na4 22. Bd2 Bxd2 23. Qxd2 Qxd2 24. Nxd2 Nc3 25. Rbc1 Nxe2 26. Kxe2 a5 27. Ra1 a4 28. Ra3 Ke7 29. Rha1 Rhb8 30. Nb1 Rb4 31. Kd2 c3+ 32. Kxc3 Rc4+ 33. Kd3 b2 34. R1a2 Rb8 35. Rc3 Rxc3+ 36. Kxc3 Rb3+ 37. Kc2 Rh3 38. Rxa4 Rxh2+ 39. Kc3 h5 40. Ra7+ Kf8 41. fxe6 fxe6 42. gxh5 Rxh5 43. Kxb2 Rh3 44. Nc3 Rh2+ 45. Kb3 Rd2 46. Nb5 g5 47. Kc3 Rd1 48. Nc7 Rc1+ 49. Kd3 Rc6 50. Ke3 Rc3+ 51. Kf2 Rc6 52. Kg3 Kg7 53. Nxe6+ Kg6 54. Nc5 1-0

[Event "Wittelsbach op 1st"]
[Site "Kelheim"]
[Date "2012.12.26"]
[Round "1"]
[White "Seidenschwarz, Holger"]
[Black "Fischer, Wolfgang1111"]
[Result "1-0"]
[WhiteElo "1989"]
[BlackElo "1474"]
[PlyCount "51"]
[EventDate "2012.12.26"]
[EventType "swiss"]
[EventRounds "7"]
[EventCountry "GER"]
[SourceTitle "EXT 2014"]
[Source "ChessBase"]
[SourceDate "2013.11.20"]
[SourceVersion "1"]
[SourceVersionDate "2013.11.20"]
[SourceQuality "1"]

1. e4 e5 2. Nf3 Nc6 3. Bb5 a6 4. Ba4 Nf6 5. 0-0 b5 6. Bb3 Nxe4 7. d4 d5 8. dxe5 Be6 9. c3 Be7 10. Nbd2 0-0 11. Bc2 Nxd2 12. Qxd2 Bg4 13. Qd3 g6 14. Re1 Re8 15. Bf4 Bxf3 16. Qxf3 Bf8 17. Rad1 Ne7 18. Bg5 c6 19. h4 Qd7 20. g4 Bg7 21. h5 Nc8 22. Bf6 Nb6 23. Bxg7 Kxg7 24. Qf6+ Kh6 25. g5+ Kxh5 26. Rd4 1-0

[Event "Vienna op 16th"]
[Site "Vienna"]
[Date "2009.08.19"]
[Round "5"]
[White "Duben, Igor"]
[Black "Seidenschwarz, Holger"]
[Result "1-0"]
[WhiteElo "2205"]
[BlackElo "2018"]
[PlyCount "109"]
[EventDate "2009.08.15"]
[EventType "swiss"]
[EventRounds "9"]
[EventCountry "AUT"]
[SourceTitle "CBM 131 Extra"]
[Source "ChessBase"]
[SourceDate "2009.09.03"]
[SourceVersion "2"]
[SourceVersionDate "2009.09.16"]
[SourceQuality "1"]

1. Nf3 d5 2. d4 Nf6 3. c4 c6 4. e3 Bg4 5. cxd5 cxd5 6. Qb3 Qb6 7. Bb5+ Bd7 8. Nc3 e6 9. Ne5 a6 10. Nxd7 Nfxd7 11. Ba4 Qxb3 12. Bxb3 Nc6 13. Bd2 Bd6 14. Rc1 0-0 15. Ke2 Rfc8 16. Bc2 Nb6 17. Na4 Nxa4 18. Bxa4 b5 19. Bc2 Kf8 20. Bb1 Rc7 21. h4 g6 22. h5 Kg7 23. hxg6 hxg6 24. Rh3 Rh8 25. Rxh8 Kxh8 26. Bd3 Nb8 27. Rh1+ Kg7 28. f3 Nc6 29. Rc1 Nb8 30. Rxc7 Bxc7 31. Kd1 Kf8 32. Kc2 Ke7 33. g3 Kd7 34. b3 Bd6 35. a4 b4 36. e4 a5 37. Bb5+ Ke7 38. e5 Bc7 39. Bg5+ Kf8 40. Bf6 Bb6 41. Kd3 Bc7 42. Ke3 Bb6 43. g4 Bc7 44. f4 Bb6 45. Bh4 Bc7 46. f5 gxf5 47. gxf5 Bb6 48. Kf4 Bc7 49. Kg5 Bb6 50. fxe6 fxe6 51. Kg6 Bc7 52. Bf2 Bd8 53. Be3 Be7 54. Bh6+ Kg8 55. Be8 1-0

[Event "Vienna op 16th"]
[Site "Vienna"]
[Date "2009.08.16"]
[Round "2"]
[White "Seidenschwarz, Holger"]
[Black "Beckhuis, Gernod"]
[Result "0-1"]
[WhiteElo "2018"]
[BlackElo "2327"]
[PlyCount "130"]
[EventDate "2009.08.15"]
[EventType "swiss"]
[EventRounds "9"]
[EventCountry "AUT"]
[SourceTitle "CBM 131 Extra"]
[Source "ChessBase"]
[SourceDate "2009.09.03"]
[SourceVersion "2"]
[SourceVersionDate "2009.09.16"]
[SourceQuality "1"]

1. e4 e5 2. Nf3 Nc6 3. Bb5 Nf6 4. 0-0 Nxe4 5. d4 Nd6 6. Bxc6 dxc6 7. dxe5 Nf5 8. Qxd8+ Kxd8 9. Nc3 Bd7 10. Ne4 h6 11. b3 b6 12. Bb2 Kc8 13. Rad1 a5 14. Rd2 Be6 15. Rfd1 Be7 16. g3 a4 17. Nc3 axb3 18. axb3 Bb4 19. Rd3 Kb7 20. g4 Ne7 21. Nd4 Ng6 22. Nxe6 fxe6 23. Ne2 Ra2 24. Rb1 Kc8 25. Kg2 Rf8 26. Kg3 Be7 27. Rf3 Bh4+ 28. Kg2 Rxf3 29. Kxf3 Kd7 30. Ke3 Ne7 31. c4 c5 32. f4 g5 33. Ke4 gxf4 34. Nxf4 Bg5 35. Rd1+ Ke8 36. Nd3 Nc6 37. Bc3 Re2+ 38. Kf3 Re3+ 39. Kg2 Nd4 40. Bxd4 cxd4 41. c5 bxc5 42. Nxc5 Rxe5 43. b4 Be7 44. Na6 Re2+ 45. Kf1 Ra2 46. Nxc7+ Kd7 47. Nb5 e5 48. Nxd4 exd4 49. Rxd4+ Ke6 50. Re4+ Kf7 51. Re2 Ra1+ 52. Kg2 Bxb4 53. h4 Be7 54. Rf2+ Kg7 55. h5 Bc5 56. Rc2 Ra5 57. Kf3 Kf6 58. Rc4 Kg5 59. Re4 Ra3+ 60. Kg2 Be3 61. Re6 Kxg4 62. Rg6+ Bg5 63. Rc6 Ra2+ 64. Kf1 Kxh5 65. Rb6 Kg4 0-1

[Event "Vienna op 16th"]
[Site "Vienna"]
[Date "2009.08.15"]
[Round "1"]
[White "Chehlov, Aleksander"]
[Black "Seidenschwarz, Holger"]
[Result "1/2-1/2"]
[WhiteElo "2258"]
[BlackElo "2018"]
[PlyCount "154"]
[EventDate "2009.08.15"]
[EventType "swiss"]
[EventRounds "9"]
[EventCountry "AUT"]
[SourceTitle "CBM 131 Extra"]
[Source "ChessBase"]
[SourceDate "2009.09.03"]
[SourceVersion "2"]
[SourceVersionDate "2009.09.16"]
[SourceQuality "1"]

1. e4 e6 2. d4 d5 3. Nd2 c5 4. exd5 Qxd5 5. Ngf3 cxd4 6. Bc4 Qd6 7. 0-0 Nf6 8. Nb3 Nc6 9. Nbxd4 Nxd4 10. Nxd4 a6 11. c3 Qc7 12. Bb3 Bd6 13. h3 0-0 14. Bg5 Rd8 15. Qe2 b5 16. Bc2 Bb7 17. Bxf6 gxf6 18. Be4 Be5 19. Bxb7 Qxb7 20. Nf3 Bc7 21. Rfd1 Rd5 22. Rxd5 Qxd5 23. a4 Rd8 24. axb5 axb5 25. Nd4 b4 26. Nf3 bxc3 27. bxc3 Qb3 28. c4 Bb6 29. Rc1 Bc5 30. Kf1 Kf8 31. Qc2 Qxc2 32. Rxc2 Ke7 33. Ke2 h5 34. Ne1 f5 35. Nd3 Bd4 36. h4 e5 37. g3 Rc8 38. Ne1 Ke6 39. Nf3 Bc5 40. Kf1 Rc7 41. Re2 f6 42. Rc2 Bb4 43. Ke2 Rc8 44. Nh2 Rc7 45. Nf1 Bc5 46. Ra2 Rb7 47. Nd2 Bd4 48. Nf1 Rb4 49. Rc2 Bc5 50. Nh2 Ra4 51. Nf3 Rb4 52. Ne1 Rb7 53. Nd3 Rc7 54. Nxc5+ Rxc5 55. Kd3 Ra5 56. Kc3 Kd6 57. Rd2+ Kc6 58. Kb4 Ra1 59. Rd8 Rb1+ 60. Kc3 Rc1+ 61. Kd2 Rxc4 62. Rh8 f4 63. Ke2 fxg3 64. fxg3 Rg4 65. Kf2 Kd5 66. Rxh5 Ke6 67. Kf3 f5 68. Rh8 Kf7 69. Rh7+ Kg6 70. Rh8 Kg7 71. Re8 e4+ 72. Kf2 f4 73. gxf4 Rxf4+ 74. Kg3 Rf6 75. Rxe4 Ra6 76. h5 Kh6 77. Kh4 Rb6 1/2-1/2